Liderazgo y e-liderazgo en las historias de vida de líderes educativos a través del mundo (Record no. 208058)
[ view plain ]
| 000 -CABECERA | |
|---|---|
| campo de control de longitud fija | 02098nab a2200337 a 4500 |
| 005 - FECHA Y HORA DE LA ÚLTIMA TRANSACCIÓN | |
| campo de control | 20210223134000.0 |
| 008 - ELEMENTOS DE LONGITUD FIJA--INFORMACIÓN GENERAL | |
| campo de control de longitud fija | 991125s1985 mx 000 0 spa u |
| 035 ## - NÚMERO DE CONTROL DEL SISTEMA | |
| Número de control de sistema | UPN01000235963 |
| 049 ## - COLECCIÓN | |
| Colección | ART-E |
| 100 1# - ASIENTO PRINCIPAL--NOMBRE PERSONAL | |
| Nombre de persona | Tintoré, Mireia |
| Enlace | - mtintore@uic.es (1) |
| 100 1# - ASIENTO PRINCIPAL--NOMBRE PERSONAL | |
| Nombre de persona | Cantón Mayo, Isabel |
| 9 (RLIN) | 28647 |
| 100 1# - ASIENTO PRINCIPAL--NOMBRE PERSONAL | |
| Nombre de persona | Quiroga, Marta |
| 100 1# - ASIENTO PRINCIPAL--NOMBRE PERSONAL | |
| Nombre de persona | Parés, Isabel |
| 222 #0 - TÍTULO CLAVE | |
| Título clave | EDMETIC (REVISTA DE EDUCACION MEDIATICA Y TIC) |
| 245 00 - MENCIÓN DE TÍTULO | |
| Título | Liderazgo y e-liderazgo en las historias de vida de líderes educativos a través del mundo |
| 260 ## - PUBLICACIÓN, DISTRIBUCIÓN, ETC. | |
| Lugar de publicación, distribución, etc. | España |
| 300 ## - DESCRIPCIÓN FÍSICA | |
| Extensión | 17-36 |
| 362 0# - FECHAS DE PUBLICACIÓN Y/O DESIGNACIÓN SECUENCIAL | |
| Fecha de publicación y/o designación secuencial | 2019 Vol. 8, no. 2 |
| 336 ## - TIPO DE CONTENIDO | |
| Término de tipo de contenido | texto$2rdacontent |
| 337 ## - TIPO DE MEDIO | |
| Nombre/término del tipo de medio | computadora$2rdamedia |
| 338 ## - TIPO DE SOPORTE | |
| Nombre/término del tipo de soporte | recurso en linea$2rdacarrier |
| 520 3# - NOTA DE RESUMEN, ETC. | |
| Sumario, etc. | El liderazgo en los centros educativos ha de tener cada vez más en cuenta el papel de las nuevas tecnologías de la información y la comunicación, como medio para mejorar las organizaciones. En consecuencia, el objetivo de la presente investigación es analizar las historias de vida de 5 líderes educativos en 5 contextos diferentes: España, Guatemala, Chile, Kazajistán y Estados Unidos; y describir cómo las nuevas tecnologías se engarzan con sus prácticas de liderazgo. La metodología es cualitativa usando como instrumento entrevistas semiestructuradas recogidas entre 2012 y 2018 en los distintos entornos. Se ofrecen ejemplos de líderes, sus prácticas de liderazgo y, particularmente, el papel de los medios tecnológicos en su gestión del cambio. Los resultados revelan prácticas directivas similares y ajustadas a lo descrito previamente por la literatura académica, y muestran asimismo cómo liderazgo y tecnología se afectan mutuamente |
| 653 0# - TERMINO DE INDIZACION - NO CONTROLADO | |
| Término no controlado | LIDERAZGO EDUCATIVO |
| 653 0# - TERMINO DE INDIZACION - NO CONTROLADO | |
| Término no controlado | LIDERAZGO VIRTUAL |
| 653 0# - TERMINO DE INDIZACION - NO CONTROLADO | |
| Término no controlado | DIRECTORES |
| 653 0# - TERMINO DE INDIZACION - NO CONTROLADO | |
| Término no controlado | HISTORIAS DE VIDA |
| 856 4# - LOCALIZACIÓN Y ACCESO ELECTRÓNICOS | |
| Identificador Uniforme del Recurso | <a href="https://helvia.uco.es/xmlui/bitstream/handle/10396/19091/edmetic_08_02_04.pdf?sequence=1&isAllowed=y">https://helvia.uco.es/xmlui/bitstream/handle/10396/19091/edmetic_08_02_04.pdf?sequence=1&isAllowed=y</a> |
| 856 4# - LOCALIZACIÓN Y ACCESO ELECTRÓNICOS | |
| Identificador Uniforme del Recurso | <a href="https://orcid.org/0000-0002-4993-3691">https://orcid.org/0000-0002-4993-3691</a> |
| Nota pública | Visualizar produccion del autor (1) |
| 905 ## - TIPO DE MATERIAL | |
| Tipo de material | Articulo |
No items available.
